000 00753nam a2200241 i 4500
003 DO-SdBNP
005 20250620105036.0
007 ta
008 140217s2001 dr 000 0 spa d
040 _aDO-SdBNP
_bspa
_cBNPHU
_erda
082 4 _axxx
_bR426
_222
110 1 _aRepública Dominicana
_9447
240 1 0 _a[leyes,etc.]
245 1 0 _aLey general de electricidad :
_bNo. 125-01 de fecha 17/7/2001 promulgada el 26/7/2001 /
264 1 _aSanto Domingo :
_bEdiciones Jurídicas Trajano Potentini,
_c2001.
300 _a95 páginas ;
_c21 cm.
336 _atexto
_btxt
_2rdacontent
337 _asin mediación
_bn
_2rdamedia
338 _avolumen
_bnc
_2rdacarrier
590 _aInventariado, 2023/ YL
910 _aYLockward
942 _2ddc
_cLBS1
999 _c54947
_d54947